| 000 | 01033nam1a22003371 4500 | ||
|---|---|---|---|
| 001 | RU\NLR\A1SV\79630 | ||
| 005 | 20251203171251.9 | ||
| 035 | _a(NLR Aleph) 009761076 | ||
| 090 |
_a10018535 _c10018535 |
||
| 100 | _a20260120 rusy50 | ||
| 101 | 0 | _arus | |
| 102 | _aRU | ||
| 200 | 1 |
_aНародное хозяйство РСФСР _e(1917-1920) _eСб. диаграмм _fСост. В.Летнев |
|
| 210 |
_aКазань _cИзд. часть Политотд. Запасной армии № 81 _d1920-1921 |
||
| 215 | _d21-25 см | ||
| 225 |
_aМатериалы по производств. пропаганде _v... |
||
| 620 | _dКазань | ||
| 700 | 1 |
_aЛетнев _bВ. |
|
| 801 | 0 |
_aRU _bNLR _c20070604 |
|
| 899 |
_aРНБ _j37.60.1.169 |
||
| 899 |
_aРНБ _j37.60.1.169а |
||
| 899 | _aНБ Бел. | ||
| 899 | _aГПИБ | ||
| 899 | _aРГБ | ||
| 899 | _aРКП | ||
| 899 |
_aКирОУНБ _z(Вып.2) |
||
| 942 | _cBOOK | ||
| 980 | _aNB | ||
| 980 | _aA1SV | ||
| 980 | _aA1SV | ||